Institutiones pharmacologiae sive Materiae medicae communicat in usum tironum /

Elmentve itt :
Bibliográfiai részletek
Szerző: Hildenbrand Johann Valentin von
Dokumentumtípus: Könyv
Megjelent: Binz Viennae 1802
Kulcsszavak:Gyógyszerészet
Online Access:http://misc.bibl.u-szeged.hu/45632
LEADER 00641nam a2200169 i 4500
001 misc45632
005 20210727155924.0
008 200303s1802 hu o 0|| lat d
040 |a SZTE Miscellanea Repozitórium  |b hun 
041 |a lat 
100 1 |a Hildenbrand Johann Valentin von 
245 1 0 |a Institutiones pharmacologiae sive Materiae medicae   |h [elektronikus dokumentum] :  |b communicat in usum tironum /  |c  Hildenbrand Johann Valentin von 
260 |a Binz  |b Viennae  |c 1802 
300 |a 652 p.  |c 21 cm 
561 |a Poór Imre hagyaték 
695 |a Gyógyszerészet 
856 4 0 |u http://misc.bibl.u-szeged.hu/45632/1/borklinika_142.pdf  |z Dokumentum-elérés